[Event "WchT 10th"]
[Site "Tsaghkadzor"]
[Date "2015.04.21"]
[Round "3.4"]
[White "Vitiugov, Nikita"]
[Black "Wei, Yi"]
[Result "1/2-1/2"]
[WhiteElo "2739"]
[BlackElo "2706"]
[Annotator "Krasenkow,M"]
[PlyCount "260"]
[EventDate "2015.04.19"]
[EventType "team-tourn"]
[EventRounds "9"]
[EventCountry "ARM"]
[SourceTitle "CBM 166"]
[Source "ChessBase"]
[SourceDate "2015.05.11"]
[SourceVersion "1"]
[SourceVersionDate "2015.05.11"]
[SourceQuality "1"]
[WhiteTeam "Russia"]
[BlackTeam "China"]
[WhiteTeamCountry "RUS"]
[BlackTeamCountry "CHN"]

1. d4 Nf6 2. c4 g6 3. g3 d5 4. cxd5 Nxd5 5. Bg2 Bg7 6. e4 Nb6 7. Ne2 c5 8. d5
O-O 9. O-O e6 10. Nec3 Na6 11. a3 $5 {A rare continuation in this well-known
theoretical position. Its idea is to restrict Black's a6-knight. The c5-square
will be controlled by the bishop (from e3).} (11. a4 {[%cal Ya4a5] and}) (11.
Na3 {are main lines here.}) 11... c4 {[%cal Ya6c5]} ({White successfully
outplayed Black in the following game:} 11... exd5 12. exd5 Nc4 13. Nd2 Nd6 14.
Nde4 Nxe4 15. Nxe4 Qb6 16. Rb1 Rd8 17. Bg5 f6 18. Be3 $16 Qa5 $2 19. Nxc5 $1 {
1-0 (57) Pustovoitova,D (2315)-Gluszko,M (2077) Albena 2011}) 12. Be3 exd5 13.
exd5 Bf5 {OK, the a6-knight is cut off but other pieces can be developed.} 14.
d6 Rb8 15. Re1 Re8 (15... Bd3 $5 {needs analysis. Generally, the 11.a3 line is
likely to become an object of study and practice in the near future.}) 16. Nd2
{The only but good way for White to develop his queenside.} Qxd6 17. Bf4 Be5
18. Rxe5 $1 Rxe5 19. Nde4 Qxd1+ (19... Qe6 $2 20. Qd4 Re8 21. Bxe5 Qxe5 22.
Nf6+) (19... Qe7 20. Bg5 $40) 20. Rxd1 Bxe4 21. Nxe4 Rbe8 22. Nf6+ Kg7 23.
Nxe8+ Rxe8 24. Be3 $1 (24. Bxb7 $143 Nc5) 24... Re7 25. Rd6 Nc7 26. Bd4+ Kh6
27. Bxb6 Ne8 28. Rd4 axb6 29. Rxc4 {[%mdl 4096] As a result, White has a clear
pull in the endgame: his bishop is stronger than Black's knight as the
position is open and pawns are on both flanks; besides, Black's pawn structure
is damaged.} Re1+ 30. Bf1 Nd6 31. Rb4 Nc8 32. Kg2 f5 33. Rd4 Re7 34. h4 Rc7 35.
Kf3 Kg7 36. Ke3 Ne7 37. Bg2 Kf7 38. Rd6 f4+ {This tactical trick reduces the
number of pawns.} 39. Kd3 (39. Kxf4 $5 Rc2 40. b4 Rxf2+ 41. Bf3) 39... fxg3 40.
fxg3 Nc8 41. Rd8 Ke7 42. Rh8 Kf6 43. Bxb7 Nd6 44. Bg2 Nf5 45. Rf8+ Kg7 46. Rb8
Rd7+ 47. Kc3 Rd6 48. Rb7+ Kh6 49. a4 Nxg3 {Black has recaptured the pawn but
the position is now asymmetric, with potential passed pawns on both sides; the
bishop is much more powerful than the knight in such cases. However, Black
retains fair drawing chances as there are too few pawns on the board!} 50. b4
Ne2+ 51. Kc2 Nd4+ 52. Kb2 Nf5 53. Be4 $2 {After this move Black liquidates
into the ending "R+B vs R" and saves the game.} (53. Bf1 $142 $1 {[%cal Ya4a5]}
Ne3 (53... Nxh4 54. a5) 54. Ba6 {Perhaps, though, it was not enough for a
victory either.}) 53... Nxh4 54. a5 bxa5 55. bxa5 Nf5 $5 56. Bxf5 (56. Rb6
Rxb6+ 57. axb6 Nd6 58. Bd5 Kg5 59. Kc3 h5 60. Kd4 Kf6 $11) 56... Rd5 57. Be6
Rxa5 58. Bg8 Kg5 59. Rxh7 Kf4 60. Kc3 g5 61. Be6 g4 62. Rf7+ Kg3 63. Rg7 Ra4
64. Kd3 Kf3 65. Bd5+ Kf2 66. Rf7+ Kg3 67. Rg7 Kf2 68. Rf7+ Kg3 69. Ke3 Ra3+ 70.
Ke2 Ra4 71. Rf1 Ra5 72. Rg1+ Kf4 73. Rd1 Kg3 74. Rd4 Rc5 75. Rd3+ Kh2 76. Ke3
Ra5 77. Kf4 Ra4+ 78. Kg5 g3 79. Rd1 g2 80. Rd2 Rd4 81. Rxg2+ Kh3 82. Bf3 Rd8
83. Kf4 Rf8+ {A so-called "defence on the 3rd rank" (the f-file plays that
role here).} 84. Ke3 Rb8 85. Rg7 Kh4 86. Rg4+ Kh3 87. Rg6 Kh4 88. Be4 (88. Kf2
Rb4 {is the so-called "Szen position".}) 88... Rf8 89. Bf3 Rf5 90. Rg7 Rg5 91.
Rb7 Kg3 {"Defence on the 2nd rank" (here - g-file).} 92. Rb2 Re5+ 93. Be4 Rg5
94. Rb1 Kg4 95. Bf3+ Kg3 96. Rh1 Re5+ 97. Be4 Rg5 98. Rf1 Kg4 99. Rf4+ Kg3 100.
Bf5 Rg7 101. Rf3+ Kh4 102. Kf4 Rg4+ {A well-known stalemate trick.} 103. Ke5
Rg3 104. Rf1 Kg5 105. Rh1 Re3+ 106. Be4 Rg3 107. Rh8 Kg4 108. Rf8 Kg5 109. Rh8
Kg4 110. Bf5+ Kg5 111. Bg6 Re3+ 112. Be4 Rg3 113. Rh7 Kg4 114. Rf7 Kg5 115. Bf3
Kh4 116. Ke4 (116. Kf4 Rg4+ $1) 116... Rg5 $6 {After this move White destroys
Black's front line of defence.} (116... Kg5 $142) 117. Rh7+ Kg3 118. Rh1 Rb5 {
Of course, the position remains drawish anyway but Black must now use other
methods.} 119. Rg1+ Kf2 120. Rg2+ Ke1 121. Kf4 Rb8 122. Ra2 Rc8 123. Re2+ Kf1
124. Rb2 Ke1 125. Kg3 Rg8+ 126. Bg4 Re8 {The Szen position again.} 127. Kf4
Rf8+ 128. Bf5 Kf1 129. Ra2 Rf7 130. Ke4 Kg1 1/2-1/2

[Event "Tata Steel-B 73rd"]
[Site "Wijk aan Zee"]
[Date "2011.01.17"]
[Round "3"]
[White "Wojtaszek, Radoslaw"]
[Black "Li, Chao B"]
[Result "1-0"]
[WhiteElo "2726"]
[BlackElo "2649"]
[Annotator "Marin,M"]
[PlyCount "65"]
[EventDate "2011.01.14"]
[EventType "tourn"]
[EventRounds "13"]
[EventCountry "NED"]
[EventCategory "17"]
[SourceTitle "CBM 141"]
[Source "ChessBase"]
[SourceDate "2011.03.17"]
[SourceVersion "1"]
[SourceVersionDate "2011.03.17"]
[SourceQuality "1"]

1. d4 Nf6 2. c4 g6 3. g3 Bg7 4. Bg2 d5 5. cxd5 Nxd5 6. e4 Nb6 7. Ne2 c5 8. d5
e6 9. O-O O-O 10. Nec3 exd5 11. exd5 Bf5 {This variation has been played by
several Grünfeld experts and was considered as viable for Black. The evauation
may change after the following move, which was introduced by the young Czech
IM Jiri Jirka, whose games can be found below in the comments.} 12. g4 $5 {
Immediately highlighing an important violation of the general developing rules:
Black has moved with his bishop while the knight is still on b8.} (12. a4 {
is the kind of slow plan that fails to question the viability of Black's play.}
Na6 13. Na3 Nb4 14. Be3 Rc8 15. Qd2 a5 16. h3 Bd3 17. Rfd1 c4 {Smejkal,J (2500)
-Ftacnik,L (2610)/Ceska Trebova 1996/CBM 055 ext (1/2, 30). Black has achieved
a harmonious regrouping, entirely justifying the opening play.}) 12... Bxb1 $6
{This helps White to complete his development, by giving up a piece that has
moved twice for one that was on its initial square.} (12... Bd7 {This should
be regarded as the critical continuation. Black loses a tempo, but invites
White to provr the usefulness of the weakening move g3-g4.} 13. Nd2 ({The
hurried} 13. Ne4 {, as played in Jirka,J (2370)-Schramm,C (2331)/Griesheim
2003/CBM 092 ext (1/2, 56), should be avoided.} Ba4 $5 $132) 13... Na6 14. a4
$5 $146 {[%cal Ga4a5,Gd2c4] Threatening a5 followed by Nc4, with queenside
domination.} ({Again, I have doubts about the knight move to e4:} 14. Nde4 Nc4
15. h3 f5 16. Ng5 Nxb2 $1 {Jirka,J (2378)-Dutta,S (2275)/Goa 2002/CBM 091 ext 
(1-0, 56)}) 14... Qh4 15. h3 (15. a5 $2 Bxg4 16. f3 $2 Bd4+ 17. Kh1 Be5 $19)
15... f5 16. Nf3 Qf6 (16... Qd8 17. Ng5) 17. g5 Qd6 18. a5 Nc8 {White has
stabilised the position, but his development is as yet incomplete. Black
intends to activate his play with ...Nb4 and ...b5.}) 13. Rxb1 Qd7 $146 ({
Not really improving over} 13... N8d7 14. Ne4 {Now that the black
light-squared bishop is missing, this does not present the risks of ...f5 
(because of Ng5-e6) or ...Qh4 (which would not threaten anything) anymore.} c4
15. Bg5 f6 16. Bf4 Ne5 17. Nc5 $16 {Jirka,J (2339)-Marchio,E (2316)/Griesheim
2002/CBM 086 ext (1-0, 40)}) 14. Ne4 {The same situation as in the previous
comment. What's more, the move arrives with gain of time, by attacking the
c5-pawn.} Na6 15. g5 Qf5 16. d6 $16 {White has made full use of the move g3-g4
and enjoys a huge space advantage. His fianchetto bishop is very strong, while
Black's attempt to activate his knights will be refuted tactically.} Rad8 17.
Qf3 Nc4 18. Bf4 Nb4 19. Rfc1 {Finally completing the mobilisation of his
forces.} b5 20. b3 Nd5 21. Bg3 Na3 22. Rxc5 $1 {White sacrifices the exchange
in order to eliminate the danger of the creation of a black passed pawn and
extinguishes the slight black initiative. Moreover, the black rooks are
paralysed by the strong d6-pawn, so that the material advantage does not help
Black in any way.} Nxb1 23. Rxd5 Qc8 {Keeping queens on board allows White to
decide the game by a direct attack.} (23... Qxf3 {does not look too inspiring,
but is a comparatively lesser evil.} 24. Bxf3 b4 (24... a6 25. d7 Nc3 26. Nxc3
Bxc3 27. Bc7 $16) 25. Rb5 (25. d7 Nc3 $5) 25... Bc3 26. Nc5 $16 {White's
pieces cooperate harmoniously, while Black's are separated in two groups
without any communication between them.}) 24. Nf6+ Kh8 25. h4 (25. Be5 $18 {
[%cal Gf3f4,Gf4h4]}) 25... Qc2 26. Qd3 Qc1+ (26... Qxd3 27. Rxd3 Bxf6 28. gxf6
{leaves the knight completely out of play. If we add the weakness of the back
rank, we quickly understand that the threat of d7 and Bc7 is deadly.}) 27. Kh2
Nc3 28. Rc5 b4 29. d7 Qb2 30. Bh3 Qxa2 31. Rc8 $18 a6 32. Qe3 Qe2 {Parrying
the threat of Rxd8 followed by Qe8+, but allowing a trick of other nature.} 33.
Rxc3 {The simplest, although by far not the only winning move.} 1-0

[Event "POL-chT 66th"]
[Site "Katowice"]
[Date "2010.09.05"]
[Round "2"]
[White "Gajewski, Grzegorz"]
[Black "Szelag, Marcin"]
[Result "0-1"]
[WhiteElo "2568"]
[BlackElo "2464"]
[Annotator "RR"]
[PlyCount "94"]
[EventDate "2010.09.04"]
[EventType "team-tourn"]
[EventRounds "9"]
[EventCountry "POL"]
[SourceTitle "EXT 2016"]
[Source "ChessBase"]
[SourceDate "2015.10.08"]
[SourceVersion "1"]
[SourceVersionDate "2015.10.08"]
[SourceQuality "1"]
[WhiteTeam "Lublin"]
[BlackTeam "Poznan Pocztowiec"]
[WhiteTeamCountry "POL"]
[BlackTeamCountry "POL"]

1. d4 Nf6 2. c4 g6 3. g3 Bg7 4. Bg2 d5 5. cxd5 Nxd5 6. e4 Nb6 7. Ne2 c5 8. d5
e6 9. Nbc3 O-O 10. O-O exd5 11. exd5 Bf5 12. h3 (12. Ne4 Bxe4 13. Bxe4 N8d7 14.
Bg2 c4 15. Rb1 Rc8 16. Be3 Re8 17. Nc3 Ne5 18. Bd4 a6 19. b3 Nbd7 20. Ne4 Nf6
21. Nxf6+ Bxf6 22. Bh3 c3 23. Bxc8 c2 24. Qxc2 Nf3+ 25. Kh1 Nxd4 26. Qc4 b5 27.
Qc5 Qxc8 28. Qxc8 Rxc8 29. Rbc1 Rd8 30. Rc5 b4 31. Rfc1 Kg7 32. R1c4 Nb5 33.
Kg2 Bc3 34. Re4 Rd7 35. h4 Nd6 36. Rf4 h5 37. a3 Bd2 38. Rd4 Bc3 39. Rd3 Ne4
40. Rc4 bxa3 41. Rcxc3 Nxc3 {Akopian,V (2667)-Gao,R (2487) Golden Sands 2014
0-1 (81)}) 12... h5 13. f3 $6 $146 {[%csl Ge4,Rg2]} (13. h4 Re8 14. d6 Qd7 15.
a4 Na6 16. Bg5 Nb4 17. a5 Nc4 18. a6 bxa6 19. Bxa8 Rxa8 20. Nd5 Nxb2 21. Ne7+
Kh7 22. Qb3 Be4 23. Qe3 Bb7 24. Qxc5 Qh3 25. f3 N4d3 26. Qc7 Bd4+ 27. Nxd4
Qxg3+ 28. Kh1 Qh3+ 29. Kg1 Qg3+ 30. Kh1 Qh3+ 31. Kg1 Qg3+ {1/2-1/2 (31) Wang,H
(2722)-Li,C (2619) Danzhou 2010}) 13... c4 14. Nf4 (14. Nd4 $2 Bd3) 14... h4 $1
15. g4 Bd7 16. Ne4 $6 (16. Be3 {Il est probablement préférable de tenter de
terminer le développement} Re8 17. Qd2) 16... Ba4 $1 17. Qe1 Re8 $36 {[%cal
Ge8e1]} 18. Bd2 (18. d6 Nc6) 18... Nxd5 (18... Bxb2 $17 {[%csl Ga4,Gb2,Gc4]
[%cal Gc4c3]}) 19. Nxd5 Qxd5 20. Bc3 Nd7 21. Qxh4 Bxc3 22. bxc3 (22. Nxc3 {
Plus naturel}) 22... Kg7 23. Rf2 Bc6 24. Rd2 Qe5 25. Nd6 $2 Re6 (25... Qxc3 26.
Nxe8+ Rxe8 27. Rad1 Ne5 $40) 26. Rad1 Qxc3 27. Nxf7 Kxf7 (27... Qe3+ 28. Kh1 c3
29. Rxd7 Bxd7 30. Ng5 c2 $1) 28. Rxd7+ Bxd7 29. Rxd7+ $2 (29. Qh7+) 29... Ke8
30. Rd1 Kf8 31. f4 Rae8 32. Kh2 Re2 33. Qh6+ Qg7 34. Qg5 Qb2 35. Qc5+ Kg7 36.
Rg1 b5 37. Qxa7+ R8e7 38. Qa8 Qxa2 39. Qf3 Qb3 40. Qd5 Qe3 41. Rf1 Qd2 42. Kg3
Qxd5 43. Bxd5 Rd2 44. f5 Rd3+ 45. Kh4 g5+ 46. Kxg5 Rxd5 47. Kh5 Rf7 0-1

[Event "ESP-chT CECLUB Honor"]
[Site "Melilla"]
[Date "2011.11.23"]
[Round "3"]
[White "Jobava, Baadur"]
[Black "Bacrot, Etienne"]
[Result "0-1"]
[WhiteElo "2678"]
[BlackElo "2714"]
[Annotator "RR"]
[PlyCount "70"]
[EventDate "2011.11.21"]
[EventType "team-tourn"]
[EventRounds "7"]
[EventCountry "ESP"]
[SourceTitle "CBM 146"]
[Source "ChessBase"]
[SourceDate "2012.01.18"]
[SourceVersion "1"]
[SourceVersionDate "2012.01.18"]
[SourceQuality "1"]
[WhiteTeam "Colegio Marcote EIKM"]
[BlackTeam "Taldea Gros Xake"]
[WhiteTeamCountry "ESP"]
[BlackTeamCountry "ESP"]

1. d4 Nf6 2. c4 g6 3. g3 d5 4. cxd5 Nxd5 5. Bg2 Bg7 6. e4 Nb6 7. Ne2 c5 8. d5
e6 9. O-O exd5 10. exd5 O-O 11. Nec3 Na6 12. Na3 Bf5 13. g4 Bd7 14. h3 f5 15.
d6 fxg4 16. Bxb7 Qh4 17. Ne4 Rae8 18. Bg5 Qxh3 19. Be7 $2 (19. Qb3+ Re6 20.
Qxh3 $17) 19... Rf3 $1 $19 (19... Be5 $2) 20. Bd5+ Nxd5 21. Qxd5+ Kh8 22. Ng5
Qh5 23. Rfe1 h6 24. Bf6 Rxe1+ 25. Rxe1 Rxf6 26. Re7 Qxg5 27. Qxg5 $19 hxg5 28.
Rxd7 Nb8 29. Rc7 Rf8 30. Rxa7 Bd4 $19 31. Nc2 g3 32. Nxd4 gxf2+ 33. Kf1 cxd4
34. Ra5 g4 35. Rg5 Rf4 0-1

[Event "Rohde op 09th"]
[Site "Sautron"]
[Date "2009.10.29"]
[Round "7"]
[White "Lalic, Bogdan"]
[Black "Bedouin, Xavier"]
[Result "1/2-1/2"]
[WhiteElo "2495"]
[BlackElo "2353"]
[Annotator "RR"]
[PlyCount "201"]
[EventDate "2009.10.24"]
[EventType "swiss"]
[EventRounds "9"]
[EventCountry "FRA"]
[SourceTitle "EXT 2010"]
[Source "ChessBase"]
[SourceDate "2010.11.25"]
[SourceVersion "1"]
[SourceVersionDate "2010.11.25"]
[SourceQuality "1"]

1. d4 Nf6 2. c4 g6 3. g3 Bg7 4. Bg2 d5 5. cxd5 Nxd5 6. e4 Nb6 (6... Nb4) 7. Ne2
O-O (7... c5) (7... e5) 8. O-O e5 (8... Nc6) 9. d5 c6 ({RR} 9... Nc4 10. b3 Nd6
11. Bb2 Re8 12. Nd2 Na6 13. f4 Bd7 14. Bxe5 Bxe5 15. fxe5 Rxe5 16. Nc3 Qe7 17.
Qe1 Nb4 18. Qf2 f5 19. Nf3 Rxe4 20. Nxe4 Nxe4 21. Qb2 Qc5+ 22. Qd4 Qxd4+ 23.
Nxd4 Nxd5 24. Rfe1 {Donner,J (2500)-Hort,V (2600)/Wijk aan Zee 1971/MCL/1/2-1/2
}) 10. Nec3 {[%csl Rb1] Une ligne secondaire} (10. Nbc3) 10... Na6 $146 ({RR} 
10... cxd5 11. exd5 {RR} Na6 12. Na3 Bd7 13. Be3 f5 14. Qd2 Qf6 15. Bg5 Qd6 16.
Rfd1 Rac8 17. Ncb5 Bxb5 18. Nxb5 Qd7 19. Nxa7 Ra8 20. Qa5 Nc4 21. Qb5 Qxb5 22.
Nxb5 Nxb2 23. Rd2 e4 24. Rb1 Nd3 25. f3 Nac5 26. fxe4 {Lin Ta (2380)-Deng,K 
(2245)/China 1987/EXT 1997/1-0 (35)}) 11. a4 {[%cal Ga4a5]} cxd5 12. exd5 Nc4
$1 {[%cal Gc4d6]} 13. b3 Nd6 {[%csl Gd6] Le classique N bloqueur} 14. Ba3 Re8
15. Nd2 {[%cal Gd2c4,Gd2e4]} Bf5 16. Nde4 Bxe4 17. Nxe4 $14 Bf8 18. Bxd6 (18.
Nd2 f5 19. Qe2 Rc8 {[%cal Gc8c2]} 20. Rac1 e4 $11) 18... Bxd6 19. Rc1 f5 20.
Nxd6 Qxd6 21. Qe2 Nc7 22. Qc4 Re7 23. Qc5 Qxc5 24. Rxc5 Ne8 $1 {[%cal Ge8d6]}
25. Rfc1 {(=)} Nd6 {[%csl Gd6] refuse la nulle au GMI!} 26. a5 $1 {[%csl Gc6]
[%cal Ga5a6]} a6 $8 27. b4 Kf7 28. Bf1 Kf6 29. f3 g5 30. Rc7 (30. Kf2) 30...
Rae8 31. Rxe7 Rxe7 32. Kf2 Rd7 33. Rc5 (33. Be2 {[%csl Gg4]}) 33... g4 $1 34.
b5 $6 {Comme souvent le camp ayant essuyé un refus de nulle va chercher а
forcer le gain} gxf3 35. Kxf3 Ne4 $36 36. Rc8 axb5 37. Rf8+ Kg6 38. Bxb5 Ng5+
39. Ke3 f4+ 40. gxf4 exf4+ 41. Rxf4 Rxd5 42. Bd3+ Kh5 43. Rf5 Rd7 44. Rb5 Kh4
45. Bf5 Re7+ 46. Kd3 Nf7 47. Bxh7 Re5 48. Rxb7 Rxa5 49. Rxf7 Ra2 50. Ke3 Rxh2 {
le dernier P vient de tomber et le GMI va tester les connaisances de son
adverse dans cette finale trés difficile а gagner en moins de 50 coups.} 51.
Rg7 {Pour obtenir la position de COCHRANE, il faut commencer par repousser le
K adverse а la bande. cf par exemple la partie ROSER-DEMARRE du tournoi d'Issy
2009} Kh5 52. Be4 Rh4 53. Kd4 Kh6 54. Rg6+ (54. Rg3 Rh2 55. Ke5) 54... Kh5 55.
Rg8 Rg4 $1 {[%cal Gh5g5]} 56. Rh8+ Kg5 57. Ke5 Rg3 58. Rg8+ Kh4 59. Bg6 Kg5 60.
Be4+ Kh4 61. Rh8+ Kg5 62. Rh1 Rg4 63. Bf3 Rg3 64. Ke4 Kf6 65. Kf4 Rg7 66. Be4
Ke7 67. Ke5 Rf7 68. Ra1 Rg7 69. Bf5 Rf7 70. Bg6 Rg7 71. Ra6 Kf8 72. Kf6 Rf7+ $3
{La pointe jouée en phase KO!} 73. Kg5 Rc7 74. Re6 Re7 75. Rf6+ Kg7 76. Bf5 Rc7
77. Rg6+ Kf7 78. Be6+ Ke7 79. Kf5 Kd6 80. Rg2 Kc5 81. Ke5 Rc6 82. Bd7 Rh6 83.
Rc2+ Kb4 84. Bc6 Rh5+ 85. Kd4 Rh4+ 86. Be4 Rg4 87. Rb2+ Ka4 88. Rb8 Rh4 89. Kd5
Ka3 90. Bd3 Rb4 91. Bb5 Kb2 92. Kc5 Rb3 93. Rh8 Rf3 94. Kb4 Rf2 95. Bc4 Kc2 96.
Rd8 Rd2 97. Bb3+ Kc1 98. Ra8 Kb2 99. Kc4 Kc1 100. Kc3 Rc2+ 101. Kd3 {[%mdl
4096]} 1/2-1/2

[Event "Bundesliga 1415"]
[Site "Germany"]
[Date "2014.12.06"]
[Round "5.6"]
[White "Ris, Robert"]
[Black "Ftacnik, Lubomir"]
[Result "1-0"]
[WhiteElo "2427"]
[BlackElo "2557"]
[Annotator "Ris,R"]
[PlyCount "71"]
[EventDate "2014.10.18"]
[EventType "team-tourn"]
[EventRounds "15"]
[EventCountry "GER"]
[SourceTitle "CBM 164"]
[Source "ChessBase"]
[SourceDate "2015.01.15"]
[SourceVersion "1"]
[SourceVersionDate "2015.01.15"]
[SourceQuality "1"]
[WhiteTeam "Katernberg"]
[BlackTeam "Hamburger SK"]
[WhiteTeamCountry "GER"]
[BlackTeamCountry "GER"]

1. d4 Nf6 2. c4 g6 3. g3 Bg7 4. Bg2 d5 5. cxd5 Nxd5 6. e4 Nb4 (6... Nb6 {
is the main continuation.}) 7. d5 c6 8. a3 Qa5 9. Nc3 cxd5 10. Bf4 N4c6 11.
exd5 Nd4 12. h3 $5 $146 ({A little new idea I had prepared a couple of months
prior to this game. In my opinion Black isn't facing any particular problems
after the well-known} 12. Nf3 Bg4) 12... O-O ({During the game I failed to
remember my homework, but apparently my main line was} 12... e5 13. dxe6 (13.
Be3 $5) 13... O-O {and in the ensuing complications Black should doing alright.
}) 13. Nf3 Nxf3+ 14. Bxf3 {[%cal Ya5a6,Yf3e2,Ye1f1,Yf1g2]} ({I thought that in
the event of} 14. Qxf3 Qa6 15. Qe2 Qxe2+ 16. Kxe2 Nd7 {White is tiny a bit
better, but nothing too much of a concern for Black.}) 14... Na6 $2 {[%csl Ra6]
} ({As we will see by the course the game the N is seriously misplaced on a6.
Both} 14... Rd8 {with the idea of playing Nc6 and}) (14... Nd7 {aiming to
bring the N to e5 are better options for Black.}) 15. Kf1 $1 e5 (15... Bd7 16.
Kg2 {[%csl Gd5][%cal Yh1e1] gives White some long-term pressure along the
e-file.}) 16. Be3 $16 ({Of course White isn't tempted into playing} 16. dxe6 $2
Bxe6 {[%cal Ya8d8] when the black pieces come alive.}) 16... f5 17. Kg2 Bd7 ({
I think White is clearly better, since Black fails to utilise efficiently his
pawn majority on the kingside. For example} 17... f4 {will always be met by}
18. gxf4 exf4 19. Bd4 $1 {and the white K is considerably more safely placed
than its counterpart, whereas}) (17... e4 18. Be2 {gives White a firm grip
over the dark squares, stopping any pawn breaks.}) 18. h4 $1 {[%csl Gh1][%cal
Yh4h5]} h5 ({A serious concession, although it's understandable that Black
didn't fancy the alternative} 18... Nc7 19. h5 {when the h-file gets opened.})
19. Rc1 Rac8 20. d6 e4 21. Be2 Be6 (21... Qe5 {runs into} 22. Qb3+ {[%csl Ra6,
Ra7,Rb7]}) 22. b4 $1 Qxa3 (22... Qd8 23. Nd5 {[%csl Rh5][%cal Yd5e7,Ye2h5]}
Rxc1 (23... Qxd6 {fails to} 24. Nf6+) 24. Bxc1 Kh7 25. Bg5 {with an
overwhelming advantage.}) (22... Qe5 {retains control over the d5-square, but
after} 23. Bf4 Qd4 24. Nb5 {Black's position is hopeless as well.}) 23. Nd5 {
[%cal Yd5e7]} Rxc1 (23... Rcd8 {is met by} 24. Bxh5 $1 gxh5 $140 $2 25. Ne7+
Kf7 26. Qxh5+ Kf6 27. Bd4#) 24. Bxc1 Qa2 25. Ne7+ Kh7 (25... Kf7 26. Bxh5 gxh5
27. Qxh5+ Kf6 28. Bf4 {and mate follows soon.}) 26. Bxh5 $1 Bf7 (26... gxh5 27.
Qxh5+ Bh6 28. Qxh6#) 27. d7 $6 ({I was very tempted by the advance of my main
asset, but even stronger would have been} 27. Be2 $1 {when the threat of h4-h5
is hard to meet.}) 27... gxh5 (27... Qe6 28. Bxg6+ Bxg6 29. Nxg6 Rd8 30. Nf4
Qxd7 31. Qh5+ Kg8 32. Qg5 {[%csl Gg5][%cal Yh4h5,Yf4h5,Yc1b2] gives White a
crushing attack.}) 28. d8=Q Rxd8 29. Qxd8 Qe6 $6 ({Objectively Black should
have tried} 29... Nxb4 $1 30. Nxf5 Qe2 $1 {[%csl Rg2][%cal Yb4d3,Ye2f3] when
there is still some work to do for White.}) 30. Rd1 $1 ({Bringing the last of
my forces into the attack.} 30. b5 $2 {is inferior:} Nb4 $132 {[%cal Yb4d3]
and fights on.}) 30... Nxb4 (30... Bf6 31. Bg5 Bxg5 (31... Bxe7 32. Qxe7 Qxe7
33. Bxe7 $18) 32. hxg5 e3 33. Rd6 Qe4+ 34. Kh2 {and White is faster.}) 31. Rd6
Qc4 ({In the event of} 31... Qe5 {I had the intention of playing the simple}
32. Bf4 Qb5 33. Qd7 {and after the trade of queens Black's resistance is
broken.}) 32. Qd7 $1 {[%csl Rf5]} ({In time trouble I was very happy to spot
the quickest path to victory, whereas after} 32. Nxf5 Nd3 {[%cal Yd3e1,Ye1f3]
I thought Black has a drawing mechanism at hand, even though} 33. Bd2 {still
does the job for White.}) 32... Nd3 33. Qxf5+ Kh8 34. Rd8+ Bf8 35. Rxf8+ Kg7
36. Bh6+ (36. Bh6+ Kxh6 37. Qf6+ Kh7 38. Rh8#) 1-0